ბათუმის შოთა რუსთაველის სახელმწიფო უნივერსიტეტის ბიბლიოთეკა

Cassell's wild flowers of Britain & Northern Europe (ბიბ.ჩანაწერი № 46475)

000 -LEADER
fixed length control field 00528nam a2200217Ia 4500
001 - CONTROL NUMBER
control field 13313
003 - CONTROL NUMBER IDENTIFIER
control field GE_BSU
008 - FIXED-LENGTH DATA ELEMENTS--GENERAL INFORMATION
fixed length control field 181216s||||||||xx |||||||||||||| ||und||
020 ## - INTERNATIONAL STANDARD BOOK NUMBER
International Standard Book Number 030436214X
040 ## - CATALOGING SOURCE
Transcribing agency GE_BSU
080 ## - UNIVERSAL DECIMAL CLASSIFICATION NUMBER
Universal Decimal Classification number 581.6
100 ## - MAIN ENTRY--PERSONAL NAME
Personal name Blamey,Marjorie
245 ## - TITLE STATEMENT
Title Cassell's wild flowers of Britain & Northern Europe
260 ## - PUBLICATION, DISTRIBUTION, ETC.
Place of publication, distribution, etc. London
260 ## - PUBLICATION, DISTRIBUTION, ETC.
Name of publisher, distributor, etc. Casselle
260 ## - PUBLICATION, DISTRIBUTION, ETC.
Date of publication, distribution, etc. 2003
300 ## - PHYSICAL DESCRIPTION
Extent 543p.ill.27cm.
653 ## - INDEX TERM--UNCONTROLLED
Uncontrolled term Cassell's wild flowers of Britain & Northern Europe
942 ## - ADDED ENTRY ELEMENTS (KOHA)
Koha item type წიგნი
ეგზემპლარები
Withdrawn status Lost status Damaged status Not for loan Date acquired Barcode Date last seen Price effective from Koha item type
        2018-12-17 36836 2018-12-17 2018-12-17 წიგნი